Obras completas

Saved in:
Bibliografiske detaljer
Hovedforfatter: Platón (Author)
Format: Bog
Sprog:spansk
Udgivet: Buenos Aires Bibliográfica Omega 1967
Fag:
Tags: Tilføj Tag
Ingen Tags, Vær først til at tagge denne postø!

MARC

LEADER 00000nam a2200000 a 4500
001 UCY6419
003 CL-VaPUC
008 950526e19670000AG |||||||||||||||||spa|d
082 0 4 |a 184  |b PLA  |2 21 
100 0 |a Platón  |e author  |9 222 
245 1 0 |a Obras completas 
300 |a v 
942 |c BK 
945 |d 19950526 00:00:00  |a oaravena 
260 |a Buenos Aires  |b Bibliográfica Omega  |c 1967 
600 0 |a Sócrates  |9 266368 
650 0 |a Filosofía   |9 223554 
650 0 |a Filosofía antigua   |9 255705 
650 0 |a Filosofía del espíritu  |9 320175 
650 0 |a Valor  |9 323720 
650 0 |a Belleza   |9 265712 
650 7 |a PLACER  |2 CL-VaPUC  |9 321616 
650 0 |a Epistemología   |9 264994 
650 0 |a Amistad  |9 307341 
650 7 |a RECURSOS LITERARIOS  |2 CL-VaPUC  |9 336337 
651 0 |a Grecia  |9 265314 
583 |a last modification  |c 20120828 10:24:10  |k Rodrigo Vera 
999 |c 233984  |d 233982 
952 |0 0  |1 0  |4 0  |6 184_000000000000000_PLA_1967  |7 0  |8 A  |9 239882  |a BIBEDU  |b BIBEDU  |d 2019-11-18  |h v.1  |i 1509659  |o 184 PLA 1967  |p 1509659  |r 2019-11-18  |w 2019-11-18  |y BK  |k FIL